000
00295nam a22001217a 4500
008
171020b xxu||||| |||| 00| 0 eng d
041
_a
eng
080
_a
338
100
_a
54
101
_a
MNG
245
_a
SCIENCE AND ECONOMIC DEVELOPMENT NEW PATTERNS OF LIVING
_c
MEIER, R.L
942
_2
udc
_c
BK
999
_c
35244
_d
35244